平成に消滅・改称した宮城県の市町村 - Statistics

General Stats
  • This quiz has been taken 53 times
    51 since last reset
  • The average score is 34 of 45
Answer Stats
変更年月日 変更内容 回答 変更後の市町村 % Correct
2006.03/31 新設合併 古川市 大崎市
100%
2005.04/01 新設合併 登米町 登米市
94%
2006.01/01 新設合併 小牛田町 美里町
94%
2005.04/01 新設合併 石巻市 石巻市
89%
2005.04/01 新設合併 矢本町 東松島市
89%
2009.09/01 編入合併 本吉町 気仙沼市
89%
2003.04/01 新設合併 小野田町 加美町
83%
2005.04/01 新設合併 河北町 石巻市
83%
2005.04/01 新設合併 河南町 石巻市
83%
2005.04/01 新設合併 桃生町 石巻市
83%
2005.04/01 新設合併 石越町 登米市
83%
2005.04/01 新設合併 築館町 栗原市
83%
2005.04/01 新設合併 鳴瀬町 東松島市
83%
2005.10/01 新設合併 歌津町 南三陸町
83%
2006.03/31 新設合併 気仙沼市 気仙沼市
83%
2006.03/31 新設合併 唐桑町 気仙沼市
83%
2006.03/31 新設合併 三本木町 大崎市
83%
2003.04/01 新設合併 中新田町 加美町
78%
2005.04/01 新設合併 雄勝町 石巻市
78%
2005.04/01 新設合併 栗駒町 栗原市
78%
2005.04/01 新設合併 一迫町 栗原市
78%
2005.04/01 新設合併 鶯沢町 栗原市
78%
2005.04/01 新設合併 志波姫町 栗原市
78%
2006.01/01 新設合併 南郷町 美里町
78%
2006.03/31 新設合併 鳴子町 大崎市
78%
2005.04/01 新設合併 豊里町 登米市
72%
2005.04/01 新設合併 若柳町 栗原市
72%
2005.04/01 新設合併 金成町 栗原市
72%
2005.10/01 新設合併 志津川町 南三陸町
72%
2006.03/31 新設合併 鹿島台町 大崎市
72%
2006.03/31 新設合併 岩出山町 大崎市
72%
2003.04/01 新設合併 宮崎町 加美町
67%
2005.04/01 新設合併 牡鹿町 石巻市
67%
2005.04/01 新設合併 迫町 登米市
67%
2005.04/01 新設合併 東和町 登米市
67%
2006.03/31 新設合併 松山町 大崎市
67%
2005.04/01 新設合併 北上町 石巻市
61%
2005.04/01 新設合併 中田町 登米市
61%
2005.04/01 新設合併 米山町 登米市
61%
2005.04/01 新設合併 津山町 登米市
61%
2005.04/01 新設合併 瀬峰町 栗原市
61%
2005.04/01 新設合併 花山村 栗原市
61%
2005.04/01 新設合併 南方町 登米市
56%
2005.04/01 新設合併 高清水町 栗原市
56%
2006.03/31 新設合併 田尻町 大崎市
56%
No matching quizzes found
Score Distribution
Percent of People with Each Score
Percentile by Number Answered
Your Score History
You have not taken this quiz since the last reset